Loading...

Hindi natak: ranganushasan evam prayogik navonmesh (san 1947-2010)

Bibliographic Details
Main Author: Veena Gautam
Format: Printed Book
Published: New Delhi K K 2011
Subjects:
LEADER 00846nam a22002051a 4500
020 |a 9788178440934  |c 0.00 
040 |a SSUS - Library - Kalady 
082 |a H2009  |b VEE/H 
100 |a Veena Gautam 
245 |a Hindi natak: ranganushasan evam prayogik navonmesh (san 1947-2010)  |h [Text] 
260 |a New Delhi  |b K K  |c 2011 
300 |a 336p. 
600 |a Drama Hindi Criticism 
600 |a Literature Hindi 
600 |a Literature 
852 |h H2009  |i VEE/H  |p 071434  |9 795.00  |t 0 
942 |c BK 
999 |c 17609  |d 17609 
952 |0 0  |1 0  |4 0  |6 H_2009_000000000000000_VEE_H  |7 0  |9 24824  |a SSUS  |b SSUS  |d 2015-01-08  |g 795.00  |l 2  |m 1  |o H2009 VEE/H  |p 071434  |r 2020-02-24  |s 2020-02-06  |v 0.00  |w 2015-01-08  |y BK 
952 |0 0  |1 0  |2 ddc  |4 0  |6 H_200_900000000000000_VEE_H  |7 0  |9 24825  |a SSUS  |b SSUS  |c STACKS  |d 2018-05-25  |g 795.00  |l 1  |o H200 9 VEE/H  |p 089771  |r 2018-07-28  |s 2018-06-14  |w 2018-05-25  |y BK